[Event "31st World Senior 65+"]
[Site "Citta del Mare ITA"]
[Date "2023.10.25"]
[Round "1.1"]
[White "Nunn, John D M"]
[Black "Arias Formoso, Rodolfo"]
[Result "1-0"]
[WhiteTitle "GM"]
[WhiteElo "2560"]
[BlackElo "2023"]
[WhiteFideId "400017"]
[BlackFideId "6500269"]
[EventDate "2023.10.25"]

1. e4 c6 2. d4 d5 3. e5 c5 4. Nf3 Nc6 5. dxc5 e6 6. a3 Bxc5 7. b4 Bb6 8. b5 Na5
9. Bd3 Qc7 10. Nbd2 Ne7 11. O-O Ng6 12. Bb2 Bd7 13. a4 Rc8 14. Rc1 O-O 15. c4
Qd8 16. Ba3 Nf4 17. Bb1 Bc5 18. Bxc5 Rxc5 19. g3 Ng6 20. cxd5 Rxc1 21. Qxc1 exd5
22. Qc5 Bh3 23. Rc1 b6 24. Qd6 Qa8 25. Ng5 Rd8 26. Qb4 Rc8 27. Re1 Be6 28. Bxg6
hxg6 29. Qh4 Re8 30. Qh7+ Kf8 31. Qh8+ Ke7 32. Qxg7 Qd8 33. Nxf7 Bxf7 34. e6 1-0

[Event "31st World Senior 65+"]
[Site "Citta del Mare ITA"]
[Date "2023.10.25"]
[Round "1.2"]
[White "Tsynman, Boris"]
[Black "Vaganian, Rafael A"]
[Result "1/2-1/2"]
[BlackTitle "GM"]
[WhiteElo "2019"]
[BlackElo "2493"]
[WhiteFideId "24282073"]
[BlackFideId "13300016"]
[EventDate "2023.10.25"]

1. Nf3 Nf6 2. g3 b5 3. Bg2 Bb7 4. d4 e6 5. O-O c5 6. c3 Na6 7. Na3 Qb6 8. Qb3 c4
9. Qxb5 Bxa3 10. Qxb6 axb6 11. bxa3 Nc7 12. Rb1 Be4 13. Nd2 Bxb1 14. Bxa8 Nxa8
15. Nxb1 d5 16. f3 Nc7 17. Re1 Kd7 18. e4 Ra8 19. Kf2 Ng8 20. Re2 Ne7 21. Rb2
Kc6 22. Ke3 f5 23. e5 g5 24. Rg2 Rg8 25. Kf2 Kb5 26. h4 1/2-1/2

[Event "31st World Senior 65+"]
[Site "Citta del Mare ITA"]
[Date "2023.10.25"]
[Round "1.3"]
[White "Ftacnik, Lubomir"]
[Black "Bagamasbad, Efren"]
[Result "1-0"]
[WhiteTitle "GM"]
[BlackTitle "IM"]
[WhiteElo "2451"]
[BlackElo "2016"]
[WhiteFideId "14900017"]
[BlackFideId "5203570"]
[EventDate "2023.10.25"]

1. d4 Nf6 2. Nf3 e6 3. c4 b6 4. g3 Ba6 5. Nbd2 Bb7 6. Bg2 Be7 7. O-O O-O 8. Qc2
c5 9. e4 cxd4 10. e5 Ne8 11. Ng5 Bxg5 12. Bxb7 Nc6 13. Bxa8 Qxa8 14. Nf3 Be7 15.
a3 f6 16. Bf4 fxe5 17. Nxe5 d6 18. Nxc6 Qxc6 19. Rae1 e5 20. Bd2 Rf3 21. b4 Nf6
22. c5 b5 23. Bg5 h6 24. Qa2+ Kf8 25. Bxf6 gxf6 26. Qe6 Qc7 27. Re4 h5 28. Rh4
Rxa3 29. Rxh5 Kg7 30. Qg4+ Kf7 31. Rh7+ Ke8 32. Qe6 1-0

[Event "31st World Senior 65+"]
[Site "Citta del Mare ITA"]
[Date "2023.10.25"]
[Round "1.4"]
[White "Madeira, Wagner Martins"]
[Black "Knaak, Rainer"]
[Result "1/2-1/2"]
[WhiteTitle "FM"]
[BlackTitle "GM"]
[WhiteElo "2012"]
[BlackElo "2451"]
[WhiteFideId "2100797"]
[BlackFideId "4611250"]
[EventDate "2023.10.25"]

1. e4 e5 2. Nf3 Nc6 3. d4 exd4 4. Nxd4 Bc5 5. Be3 Qf6 6. c3 Qg6 7. Qf3 Nge7 8.
Nxc6 Qxc6 9. Bxc5 Qxc5 10. Nd2 O-O 11. Bd3 d6 12. O-O Qg5 13. Nb3 Ng6 14. Qg3
Qxg3 15. hxg3 Ne5 16. Be2 Re8 17. Rfe1 Bd7 18. f4 Ng4 19. Bxg4 Bxg4 20. Re3 a5
21. Nd4 Bd7 22. Rae1 a4 23. Kf2 Kf8 24. Nf3 Be6 25. a3 Ra6 26. Ng5 Bc4 27. Rd1
Rb6 28. Rd2 h6 29. Nf3 Ra8 30. e5 Raa6 31. Ke1 g6 32. Kd1 c5 33. exd6 Rxd6 34.
Re5 Rac6 35. Kc1 b6 36. Re1 Rxd2 37. Nxd2 Bd5 38. Nf3 Bb3 39. Nd2 Be6 40. Nf3 h5
41. Kd2 Rd6+ 42. Ke3 Ke7 43. Kf2 Kd7 44. Re2 f6 45. Rd2 Kc6 46. Ke3 Bd5 47. Ne1
Re6+ 48. Kf2 Bc4 49. Nc2 g5 50. Ne3 Bb3 51. Re2 b5 52. Rd2 h4 53. gxh4 gxf4 54.
Nf1 Bc4 55. Nh2 Re8 56. Ng4 Re6 57. Nh6 Re5 58. Ng4 Rh5 59. g3 Rf5 60. Nh6 fxg3+
61. Kxg3 Rf1 62. Ng4 Be6 63. Ne3 Re1 64. Ng2 Rb1 65. Nf4 Bf7 66. Rh2 Rg1+ 67.
Kf3 f5 68. h5 Rf1+ 69. Kg3 Rg1+ 70. Kf3 Rf1+ 71. Kg3 Rg1+ 1/2-1/2

[Event "31st World Senior 65+"]
[Site "Citta del Mare ITA"]
[Date "2023.10.25"]
[Round "1.5"]
[White "Balashov, Yuri S"]
[Black "Ofstad, Per"]
[Result "1-0"]
[WhiteTitle "GM"]
[WhiteElo "2390"]
[BlackElo "2010"]
[WhiteFideId "4100263"]
[BlackFideId "1500708"]
[EventDate "2023.10.25"]

1. c4 c5 2. Nf3 Nc6 3. d4 cxd4 4. Nxd4 g6 5. e4 Bg7 6. Be3 Nf6 7. Nc3 O-O 8. Be2
b6 9. O-O Bb7 10. f3 Rc8 11. Rc1 Nxd4 12. Bxd4 d6 13. Qd2 Qd7 14. Rfd1 Rfd8 15.
Nb5 Bc6 16. a4 Qb7 17. Nc3 h5 18. b4 Kh7 19. Be3 Bd7 20. Bd3 Be8 21. Bf1 Qb8 22.
Rb1 Qa8 23. a5 Qb8 24. axb6 axb6 25. Rbc1 Bc6 26. Qf2 Rd7 27. b5 Ba8 28. Na4
Bxe4 29. Nxb6 Qc7 1-0

[Event "31st World Senior 65+"]
[Site "Citta del Mare ITA"]
[Date "2023.10.25"]
[Round "1.6"]
[White "Jhunjhnuwala, Naresh"]
[Black "Fernandez Garcia, Jose Luis"]
[Result "0-1"]
[BlackTitle "GM"]
[WhiteElo "2008"]
[BlackElo "2379"]
[WhiteFideId "6000088"]
[BlackFideId "2200023"]
[EventDate "2023.10.25"]

1. e4 e5 2. Nf3 Nc6 3. Bc4 Nf6 4. d3 Be7 5. O-O O-O 6. Re1 d6 7. h3 Na5 8. Bb3
c6 9. Nbd2 Nxb3 10. axb3 Re8 11. Nf1 Bf8 12. Ng3 g6 13. Bd2 h6 14. Bc3 Bg7 15.
d4 Nd7 16. dxe5 dxe5 17. Qe2 Nf8 18. Red1 Qc7 19. Qe3 a5 20. Bb4 b6 21. Bd6 Qb7
22. Nh2 Nh7 23. h4 h5 24. Ne2 Be6 25. Nc3 Nf6 26. Na4 Nd7 27. Rd3 c5 28. Rad1
Rac8 29. Nc3 Qc6 30. Nd5 Bxd5 31. Rxd5 Nf6 32. Rxe5 Nxe4 33. Rxe8+ Rxe8 34. Qf3
Bxb2 35. Bf4 Bd4 36. Be3 Bxe3 37. Qxe3 Nf6 38. Qd3 Qe4 39. Nf3 Qxd3 40. Rxd3 Re2
41. Rd2 Rxd2 42. Nxd2 b5 43. Kf1 Kf8 44. Nb1 Ne4 45. Na3 Nd6 46. Ke2 Ke7 47. Kd3
Ke6 48. c4 b4 49. Nb1 Kf5 50. Nd2 Kg4 51. g3 f6 52. Ke3 g5 53. hxg5 fxg5 54. Nf3
a4 55. Ne5+ Kf5 56. f4 a3 0-1

[Event "31st World Senior 65+"]
[Site "Citta del Mare ITA"]
[Date "2023.10.25"]
[Round "1.7"]
[White "Jansa, Vlastimil"]
[Black "Toro, Guillermo"]
[Result "1-0"]
[WhiteTitle "GM"]
[WhiteElo "2358"]
[BlackElo "2008"]
[WhiteFideId "300128"]
[BlackFideId "3402460"]
[EventDate "2023.10.25"]

1. e4 c5 2. Nf3 Nc6 3. Bb5 g6 4. O-O Bg7 5. c3 e5 6. d4 cxd4 7. cxd4 Nxd4 8.
Nxd4 exd4 9. Bf4 Qb6 10. Na3 Ne7 11. Nc4 Qc5 12. Nd6+ Kf8 13. Qb3 1-0

[Event "31st World Senior 65+"]
[Site "Citta del Mare ITA"]
[Date "2023.10.25"]
[Round "1.9"]
[White "Legky, Nikolay A"]
[Black "Houweling, Bert"]
[Result "1-0"]
[WhiteTitle "GM"]
[WhiteElo "2348"]
[BlackElo "1998"]
[WhiteFideId "14100312"]
[BlackFideId "1014110"]
[EventDate "2023.10.25"]

1. d4 Nf6 2. Nf3 c5 3. d5 e6 4. Nc3 exd5 5. Nxd5 Nxd5 6. Qxd5 Be7 7. Bf4 d6 8.
O-O-O Be6 9. Qxb7 Nd7 10. Bxd6 Bxd6 11. Rxd6 O-O 12. e3 Qf6 13. Bb5 Rab8 14.
Qxd7 a6 15. Rxa6 Rfd8 16. Qc6 Rdc8 17. Qe4 Rxb5 18. Qe5 Qg6 19. Rd1 Rcb8 20. Ng5
Qh5 21. Rxe6 fxe6 22. Qxe6+ Kh8 23. Nf7+ Kg8 24. Nd6+ 1-0

[Event "31st World Senior 65+"]
[Site "Citta del Mare ITA"]
[Date "2023.10.25"]
[Round "1.10"]
[White "Cordi, Domenico"]
[Black "Campora, Daniel H."]
[Result "0-1"]
[BlackTitle "GM"]
[WhiteElo "1996"]
[BlackElo "2343"]
[WhiteFideId "818186"]
[BlackFideId "100013"]
[EventDate "2023.10.25"]

1. d4 f5 2. c4 Nf6 3. Nf3 g6 4. Nc3 Bg7 5. g3 O-O 6. Bg2 d6 7. O-O c6 8. b3 e5
9. e3 e4 10. Ne1 d5 11. Nc2 Be6 12. Qe2 h5 13. cxd5 cxd5 14. Ba3 Rf7 15. Rac1 h4
16. Na4 g5 17. f4 g4 18. Rfd1 Nh5 19. Qe1 Bf6 20. Bf1 Rh7 21. Nc5 Bc8 22. Nb4
Kh8 23. Nxd5 Qxd5 24. Nxe4 Nc6 25. Nxf6 Nxf6 26. Rc5 Qf7 27. d5 Nd8 28. Bb2 Kg8
29. Qc3 Ne4 30. Qc2 hxg3 31. hxg3 Qh5 32. Bg2 Qh2+ 33. Kf1 Nxg3+ 34. Kf2 Bd7 35.
a4 Nf7 36. d6 Ne4+ 37. Kf1 Nxc5 38. Qxc5 Rc8 39. Qd4 Rc2 40. Rd2 Rxd2 41. Qxd2
Bc6 0-1

[Event "31st World Senior 65+"]
[Site "Citta del Mare ITA"]
[Date "2023.10.25"]
[Round "1.11"]
[White "Birnboim, Nathan"]
[Black "Lochte, Thomas"]
[Result "1-0"]
[WhiteTitle "IM"]
[WhiteElo "2342"]
[BlackElo "1990"]
[WhiteFideId "2800209"]
[BlackFideId "4606272"]
[EventDate "2023.10.25"]

1. d4 Nf6 2. c4 c5 3. d5 b5 4. cxb5 a6 5. b6 Qxb6 6. Nc3 d6 7. e4 g6 8. Nf3 Bg4
9. Qa4+ Bd7 10. Qc2 Bg7 11. Bc4 O-O 12. O-O Bb5 13. Nd2 Nbd7 14. a4 Bxc4 15.
Nxc4 Qb4 16. Na2 Qb8 17. Bd2 Nb6 18. Ne3 a5 19. Nc3 Qc8 20. Nb5 Ng4 21. Nxg4
Qxg4 22. Bc3 Bxc3 23. bxc3 f5 24. Nc7 Rac8 25. Ne6 Rf6 26. f3 Qh5 27. Rab1 Nc4
28. Qa2 Ne5 29. f4 Nd3 30. Rb7 fxe4 31. Qb1 Qe2 32. Rb8 Rff8 33. Rb7 Qe3+ 34.
Kh1 Nf2+ 35. Rxf2 Qxf2 36. h3 e3 37. Rxe7 e2 38. Rg7+ Kh8 39. Rxh7+ Kxh7 40.
Qb7+ 1-0

[Event "31st World Senior 65+"]
[Site "Citta del Mare ITA"]
[Date "2023.10.25"]
[Round "1.13"]
[White "Renman, Nils-Gustaf"]
[Black "Martin Del Campo C., Jorge"]
[Result "1-0"]
[WhiteTitle "IM"]
[BlackTitle "FM"]
[WhiteElo "2324"]
[BlackElo "1983"]
[WhiteFideId "1700367"]
[BlackFideId "5101034"]
[EventDate "2023.10.25"]

1. d4 Nf6 2. c4 e6 3. Nf3 Bb4+ 4. Nbd2 O-O 5. a3 Bxd2+ 6. Bxd2 d5 7. Qc2 Nbd7 8.
Bf4 c6 9. e3 Re8 10. Bd3 h6 11. h3 c5 12. cxd5 Nxd5 13. Bd6 cxd4 14. exd4 N7f6
15. Bh2 Qa5+ 16. Qd2 Qxd2+ 17. Kxd2 b6 18. Rac1 Bb7 19. Ne5 Rec8 20. f3 Ne8 21.
b4 a6 22. Nc4 Rc6 23. Be4 Rac8 24. Bxd5 exd5 25. Nb2 Rxc1 26. Rxc1 Rxc1 27. Kxc1
Bc6 28. a4 Kf8 29. Bb8 Nf6 30. Bc7 Nd7 31. Kc2 Ke7 32. Kb3 b5 33. a5 Nf8 34. Kc3
Ne6 35. Bh2 f6 36. Nd1 h5 37. Ne3 g6 38. h4 Ng7 39. g4 f5 40. Be5 f4 41. Bxf4
hxg4 42. fxg4 Ne6 43. Be5 Nf8 44. Kd3 Ke6 45. Ke2 Be8 46. Ng2 Bf7 47. Nf4+ Ke7
48. h5 gxh5 49. gxh5 Nh7 50. Kf3 Nf6 51. Bxf6+ Kxf6 52. Kg4 Bg8 53. Nd3 Be6+ 54.
Kf4 Bd7 55. Nc5 Bc8 56. h6 1-0

[Event "31st World Senior 65+"]
[Site "Citta del Mare ITA"]
[Date "2023.10.25"]
[Round "1.14"]
[White "Braathen, Tom"]
[Black "Chapman, Terry P D"]
[Result "1/2-1/2"]
[BlackTitle "FM"]
[WhiteElo "1980"]
[BlackElo "2284"]
[WhiteFideId "1702017"]
[BlackFideId "413399"]
[EventDate "2023.10.25"]

1. e4 d6 2. d4 Nf6 3. Nc3 c6 4. Nf3 Bg4 5. h3 Bh5 6. Be3 e6 7. Be2 d5 8. exd5
cxd5 9. Ne5 Bxe2 10. Qxe2 Nc6 11. O-O Be7 12. Qb5 Qc8 13. Rfc1 O-O 14. Na4 Nd7
15. Nxd7 Qxd7 16. Nc5 Bxc5 17. Qxc5 Rfc8 18. Qb5 a6 19. Qe2 Rd8 20. Rd1 Rac8 21.
Rac1 b5 22. a4 Qb7 23. axb5 axb5 24. Ra1 h6 25. Qg4 Kh7 26. Qe2 Qb6 27. Qd3+ Kh8
28. Qd2 Kh7 29. Qd3+ Kg8 30. Qd2 Ra8 31. Qe2 Ne7 32. Qd3 Qc6 33. c3 Rdc8 34. Bf4
f6 35. Qe2 Ng6 36. Bg3 Kf7 37. h4 Ra6 38. Rxa6 Qxa6 39. h5 Ne7 40. Re1 Ra8 41.
Qg4 Qc6 42. Bf4 Ra2 43. Bc1 Ra4 44. Bf4 b4 45. Rc1 bxc3 46. Rxc3 Rc4 47. Rg3 Nf5
48. Ra3 Ra4 49. Rc3 Rc4 50. Ra3 Ra4 51. Rc3 Rc4 52. Ra3 1/2-1/2

[Event "31st World Senior 65+"]
[Site "Citta del Mare ITA"]
[Date "2023.10.25"]
[Round "1.16"]
[White "Melkeraen, Terje"]
[Black "Roos, Louis"]
[Result "1/2-1/2"]
[BlackTitle "IM"]
[WhiteElo "1953"]
[BlackElo "2257"]
[WhiteFideId "1505246"]
[BlackFideId "600288"]
[EventDate "2023.10.25"]

1. d4 Nf6 2. c4 g6 3. Nc3 d5 4. cxd5 Nxd5 5. g3 Bg7 6. Bg2 Nb6 7. Nf3 c6 8. h3
a5 9. a4 Na6 10. O-O Nb4 11. e4 Be6 12. Re1 O-O 13. Bf4 Qc8 14. Kh2 Rd8 15. Be5
f6 16. Bf4 Bf7 17. Rc1 e5 18. Be3 exd4 19. Nxd4 Nc4 20. Qe2 Nxe3 21. Qxe3 c5 22.
Ndb5 Nd3 23. Nd5 Bxd5 24. Qxd3 Bf7 25. Qe3 b6 26. Red1 Rb8 27. Nc3 Re8 28. f4
Rb7 29. Qd3 Qe6 30. Qb5 Qb3 31. Rd2 1/2-1/2

[Event "31st World Senior 65+"]
[Site "Citta del Mare ITA"]
[Date "2023.10.26"]
[Round "2.1"]
[White "Soderberg, Per"]
[Black "Nunn, John D M"]
[Result "0-1"]
[WhiteTitle "CM"]
[BlackTitle "GM"]
[WhiteElo "2123"]
[BlackElo "2560"]
[WhiteFideId "1702904"]
[BlackFideId "400017"]
[EventDate "2023.10.25"]

1. e4 c5 2. Nf3 d6 3. Bb5+ Nd7 4. O-O a6 5. Bd3 Ngf6 6. c3 b5 7. Re1 Bb7 8. Bc2
c4 9. b3 e6 10. Qe2 Rc8 11. bxc4 bxc4 12. Na3 d5 13. e5 Ne4 14. Ba4 Be7 15. Nd4
O-O 16. Bxd7 Qxd7 17. Nac2 f6 18. f4 fxe5 19. fxe5 Bc5 20. Ne3 Nf2 21. Rf1 Nd3
22. Rxf8+ Rxf8 23. Qg4 Bc8 24. Nf3 Qa4 25. Nd4 Nxe5 26. Qh5 Nd3 0-1

[Event "31st World Senior 65+"]
[Site "Citta del Mare ITA"]
[Date "2023.10.26"]
[Round "2.2"]
[White "Iudicello, Giovanni"]
[Black "Ftacnik, Lubomir"]
[Result "0-1"]
[BlackTitle "GM"]
[WhiteElo "2118"]
[BlackElo "2451"]
[WhiteFideId "804738"]
[BlackFideId "14900017"]
[EventDate "2023.10.25"]

1. e4 c5 2. Nf3 d6 3. Nc3 a6 4. g3 Nc6 5. Bg2 g6 6. O-O Bg7 7. d3 Nf6 8. Bd2 O-O
9. Qc1 Re8 10. Re1 e5 11. Bh6 b5 12. Bxg7 Kxg7 13. Qd2 Rb8 14. Rf1 Nd4 15. Nxd4
cxd4 16. Ne2 Bb7 17. h3 d5 18. f3 Rc8 19. Rac1 Qb6 20. Kh2 b4 21. g4 h6 22. Ng3
a5 23. g5 hxg5 24. Qxg5 Nh7 25. Nh5+ Kh8 26. Qh6 Rg8 27. f4 Qd8 28. Ng3 exf4 29.
Rxf4 Rg7 30. Rcf1 Qg5 31. Qxg5 Nxg5 32. R1f2 dxe4 33. Nxe4 Nxe4 34. Bxe4 f5 35.
Bxb7 Rxb7 36. Rxd4 Rbc7 37. h4 Rxc2 38. Rf4 Kg7 39. Kg3 Rxf2 40. Rxf2 Rd8 41.
Rf3 Kf6 42. Kf2 Rh8 43. Rf4 g5 44. hxg5+ Kxg5 45. Ke3 Rh2 46. a3 Re2+ 47. Kxe2
Kxf4 48. axb4 axb4 0-1

[Event "31st World Senior 65+"]
[Site "Citta del Mare ITA"]
[Date "2023.10.26"]
[Round "2.3"]
[White "Frick, Christoph"]
[Black "Balashov, Yuri S"]
[Result "0-1"]
[WhiteTitle "FM"]
[BlackTitle "GM"]
[WhiteElo "2113"]
[BlackElo "2390"]
[WhiteFideId "4607090"]
[BlackFideId "4100263"]
[EventDate "2023.10.25"]

1. d4 Nf6 2. Bf4 d6 3. Nc3 Nc6 4. Nf3 Bg4 5. d5 e5 6. Bd2 Ne7 7. e4 c6 8. dxc6
bxc6 9. Be2 Ng6 10. Ng5 Bxe2 11. Qxe2 h6 12. Nh3 Be7 13. O-O O-O 14. Rab1 Re8
15. Nd1 d5 16. exd5 cxd5 17. c3 Qd7 18. Qd3 e4 19. Qe2 Bd6 20. Ne3 Ne5 21. Nf4
Nf3+ 22. gxf3 Bxf4 23. fxe4 Nxe4 24. Be1 Qh3 25. f3 Nd6 26. Bd2 Nc4 27. Qd1 0-1

[Event "31st World Senior 65+"]
[Site "Citta del Mare ITA"]
[Date "2023.10.26"]
[Round "2.4"]
[White "Fernandez Garcia, Jose Luis"]
[Black "Dekan, Hans"]
[Result "1/2-1/2"]
[WhiteTitle "GM"]
[WhiteElo "2379"]
[BlackElo "2110"]
[WhiteFideId "2200023"]
[BlackFideId "4685555"]
[EventDate "2023.10.25"]

1. e4 c5 2. Nf3 Nc6 3. b4 cxb4 4. d4 d5 5. exd5 Qxd5 6. c4 Qe4+ 7. Be3 Bf5 8.
Nbd2 Qc2 9. Qxc2 Bxc2 10. d5 Na5 11. Nd4 Bg6 12. Nb5 Kd7 13. Nxa7 e6 14. Nb3
Nxb3 15. axb3 Nf6 16. Be2 exd5 17. cxd5 Bd6 18. O-O Nxd5 19. Bb5+ Kc7 20. Bd4 f6
21. Bc4 Nc3 22. Bxc3 bxc3 23. Nb5+ Kc6 24. Nxc3 Rxa1 25. Rxa1 Be5 26. Rc1 Bxc3
27. Rxc3 Kd6 28. h4 Rc8 29. Rg3 Rc7 30. Re3 Bf7 31. Bxf7 1/2-1/2

[Event "31st World Senior 65+"]
[Site "Citta del Mare ITA"]
[Date "2023.10.26"]
[Round "2.5"]
[White "Taylor, Timothy"]
[Black "Jansa, Vlastimil"]
[Result "1/2-1/2"]
[WhiteTitle "IM"]
[BlackTitle "GM"]
[WhiteElo "2112"]
[BlackElo "2358"]
[WhiteFideId "2000393"]
[BlackFideId "300128"]
[EventDate "2023.10.25"]

1. c4 g6 2. Nc3 c5 3. Nf3 Bg7 4. e3 Nf6 5. d4 O-O 6. Be2 cxd4 7. exd4 d5 8. O-O
Nc6 9. c5 Ne4 10. Be3 Nxc5 11. dxc5 d4 12. Nxd4 Nxd4 13. Bf3 e5 14. Ne4 Bd7 15.
Bxd4 exd4 16. Nd6 Bc6 17. Bxc6 bxc6 18. Qa4 Qc7 19. Rfe1 Rab8 20. b3 a5 21. a3
Rfd8 22. Rad1 h5 23. Re4 Rxd6 24. cxd6 Qxd6 25. Rd3 Rb5 26. g3 Qd5 27. Re8+ Kh7
28. Re7 Rc5 29. Re1 h4 30. gxh4 Qf5 31. Rxd4 Bxd4 32. Qxd4 Rd5 33. Qc4 Rd2 34.
Rf1 c5 35. h3 Rd4 36. Qc3 Rd3 37. Qc4 Rd4 38. Qc3 Rxh4 39. Kg2 Rf4 40. f3 Rh4
41. f4 Rh5 42. Rf3 Qd5 43. Qc4 Qb7 44. Kf2 Rf5 45. Kg3 Qe7 46. Qc3 Qc7 47. Qc4
Qe7 48. Qc3 Qd8 49. Rd3 Qc7 50. Rf3 Rg5+ 51. Kf2 Rd5 52. Kg2 Qd8 53. Qc4 Qd7 54.
Qe4 Rd2+ 55. Kg3 Rd1 56. f5 Qd6+ 57. Qf4 Qf6 58. Qh4+ Qxh4+ 59. Kxh4 Rg1 60.
fxg6+ fxg6 61. Rg3 Ra1 62. Rc3 Rxa3 63. Rxc5 1/2-1/2

[Event "31st World Senior 65+"]
[Site "Citta del Mare ITA"]
[Date "2023.10.26"]
[Round "2.6"]
[White "Molchanov, Mykola"]
[Black "Legky, Nikolay A"]
[Result "1/2-1/2"]
[BlackTitle "GM"]
[WhiteElo "2108"]
[BlackElo "2348"]
[WhiteFideId "14120232"]
[BlackFideId "14100312"]
[EventDate "2023.10.25"]

1. c4 b6 2. d4 Nf6 3. Nc3 Bb7 4. f3 d6 5. e4 e5 6. Nge2 Be7 7. Be3 O-O 8. Qd2 c5
9. d5 Na6 10. g4 Nc7 11. Ng3 a6 12. Be2 Bc8 13. Nf5 Rb8 14. a4 Kh8 15. h4 Bxf5
16. exf5 Qd7 17. Bd3 b5 18. h5 bxc4 19. Bxc4 Rb4 20. b3 h6 21. Ne4 Nxe4 22. fxe4
Qd8 23. Bxh6 gxh6 24. Qxh6+ Kg8 25. g5 Bxg5 26. Rg1 f6 27. Rxg5+ fxg5 28. Qg6+
Kh8 1/2-1/2

[Event "31st World Senior 65+"]
[Site "Citta del Mare ITA"]
[Date "2023.10.26"]
[Round "2.7"]
[White "Campora, Daniel H."]
[Black "Staub, Gerhard"]
[Result "1-0"]
[WhiteTitle "GM"]
[WhiteElo "2343"]
[BlackElo "2097"]
[WhiteFideId "100013"]
[BlackFideId "4699068"]
[EventDate "2023.10.25"]

1. e4 c5 2. Nf3 Nc6 3. Bb5 d6 4. Bxc6+ bxc6 5. O-O e5 6. Re1 Be7 7. c3 Bg4 8. d3
Nf6 9. Nbd2 O-O 10. h3 Bh5 11. Nf1 Nd7 12. Ng3 Bxf3 13. Qxf3 g6 14. Bh6 Re8 15.
Rad1 Bg5 16. Bxg5 Qxg5 17. Re2 Qf4 18. Qe3 Qxe3 19. Rxe3 Rab8 20. b3 Re6 21. d4
exd4 22. cxd4 Rb4 23. Red3 Rxd4 24. Rxd4 cxd4 25. Rxd4 Nb6 26. Kf1 Kf8 27. Rd2
Ke7 28. f3 a5 29. Ne2 c5 30. Nc3 Kd7 31. Kf2 f5 32. g4 fxe4 33. Nxe4 Kc6 34. Rc2
Nd5 35. a3 h6 36. h4 Re5 37. Rc1 Nf4 38. Rc2 g5 39. hxg5 hxg5 40. Kg3 Ne6 41. b4
axb4 42. axb4 Nd4 43. Rd2 Nb5 44. bxc5 dxc5 45. Rd8 Nd4 46. Kf2 Ne6 47. Re8 Kd7
48. Ra8 Nc7 49. Rg8 Ne6 50. Ke3 Ke7 51. Ra8 Kf7 52. Ra7+ Kf8 53. Kf2 Rd5 54. Ke3
Re5 55. Kd3 Rd5+ 56. Ke2 Rd8 57. Ke3 Rc8 58. Kd3 Rd8+ 59. Ke3 Rc8 60. Ra5 Rc7
61. Nc3 Nd4 62. Ne4 Ne6 63. Kd3 Rd7+ 64. Kc4 Rd4+ 65. Kc3 Rd5 66. Ra7 Nd4 67.
Kc4 Re5 68. Nxc5 Nxf3 69. Nd7+ Kg8 70. Nxe5 Nxe5+ 71. Kd5 Nxg4 72. Ke6 Nh6 73.
Kf6 Kh8 74. Kg6 1-0

[Event "31st World Senior 65+"]
[Site "Citta del Mare ITA"]
[Date "2023.10.26"]
[Round "2.9"]
[White "Pigott, John C"]
[Black "Biro, Sandor"]
[Result "0-1"]
[WhiteTitle "IM"]
[BlackTitle "IM"]
[WhiteElo "2337"]
[BlackElo "2087"]
[WhiteFideId "400459"]
[BlackFideId "1200178"]
[EventDate "2023.10.25"]

1. c4 e5 2. g3 Nf6 3. Bg2 c6 4. Nf3 e4 5. Nd4 d5 6. cxd5 Bc5 7. Nb3 Bb6 8. Nc3
Bf5 9. d3 cxd5 10. dxe4 dxe4 11. Qxd8+ Bxd8 12. Nc5 O-O 13. N5xe4 Nc6 14. Nd6
Bd7 15. Nxb7 Be7 16. Bf4 Rab8 17. Bxb8 Rxb8 18. O-O-O Rxb7 19. Rxd7 Rxd7 20.
Bxc6 Rc7 21. Bf3 Bb4 22. Kc2 Kf8 23. a3 Bxc3 24. bxc3 Nd7 25. e3 Nb6 26. Rb1 Ke7
27. Rb4 Rc5 28. Kb3 Rf5 29. Rf4 Rb5+ 30. Rb4 Rf5 31. Re4+ Kf8 32. Rf4 Rb5+ 33.
Kc2 g5 34. Be2 Ra5 35. Rg4 Rxa3 36. Rxg5 Na4 37. c4 Ra2+ 38. Kd3 f6 39. Rf5 Ke7
40. c5 Ra3+ 41. Kd4 Ra2 42. Bb5 Rd2+ 43. Kc4 Rc2+ 44. Kb4 Nxc5 45. Rxc5 a5+ 46.
Kxa5 Rxc5 47. Kb4 Rc2 48. Bd3 Rxf2 49. Bxh7 Rxh2 50. Bf5 Re2 51. e4 Kd6 52. Kc4
Ke5 53. Kd3 Rg2 54. g4 Rg3+ 55. Ke2 Kf4 56. Kf2 Re3 57. Kg2 Re2+ 58. Kf1 Kf3 59.
Kg1 Kg3 60. Kf1 Re3 0-1

[Event "31st World Senior 65+"]
[Site "Citta del Mare ITA"]
[Date "2023.10.26"]
[Round "2.10"]
[White "Klimaszewski, Dariusz"]
[Black "Renman, Nils-Gustaf"]
[Result "0-1"]
[WhiteTitle "FM"]
[BlackTitle "IM"]
[WhiteElo "2081"]
[BlackElo "2324"]
[WhiteFideId "1102257"]
[BlackFideId "1700367"]
[EventDate "2023.10.25"]

1. e4 e6 2. d3 d5 3. Nd2 Nc6 4. Ngf3 Nf6 5. e5 Nd7 6. d4 f6 7. exf6 Qxf6 8. c3
Bd6 9. Be2 e5 10. dxe5 Ndxe5 11. Nxe5 Nxe5 12. Nf3 c6 13. Be3 O-O 14. Nxe5 Qxe5
15. Qd4 Qe7 16. O-O Be6 17. Bg4 Bf7 18. Bf4 Bxf4 19. Qxf4 Bh5 20. Qd4 Bxg4 21.
Qxg4 Rae8 22. g3 Qe2 23. Qd4 b6 24. Rad1 Qxb2 25. Rd2 Qb5 26. a4 Qb3 27. Qb4
Qxb4 28. cxb4 Re4 29. b5 Rxa4 30. bxc6 d4 31. Rc1 Rc8 32. c7 Kf7 33. f4 Ke7 34.
Re2+ Kd6 35. f5 d3 36. Re6+ Kd7 37. Rd1 Rd4 38. Re3 Rxc7 39. Rdxd3 Rxd3 40.
Rxd3+ Kc6 41. Kg2 b5 42. g4 b4 43. Kf3 a5 44. g5 a4 0-1

[Event "31st World Senior 65+"]
[Site "Citta del Mare ITA"]
[Date "2023.10.26"]
[Round "2.13"]
[White "Malmdin, Nils-Ake"]
[Black "Povah, Nigel E"]
[Result "1/2-1/2"]
[WhiteTitle "FM"]
[BlackTitle "IM"]
[WhiteElo "2072"]
[BlackElo "2235"]
[WhiteFideId "1701584"]
[BlackFideId "400467"]
[EventDate "2023.10.25"]

1. e4 c5 2. Nf3 Nc6 3. Nc3 e6 4. d4 cxd4 5. Nxd4 Qc7 6. Be3 a6 7. Bd3 b5 8. Nxc6
Qxc6 9. O-O Nf6 10. Kh1 Bb7 11. f3 Bd6 12. a4 b4 13. Ne2 Qc7 14. Bg1 O-O 15. c3
Qa5 16. Bc2 Be7 17. Qd3 e5 18. Be3 d5 19. exd5 Bxd5 20. Ng3 g6 21. cxb4 Qxb4 22.
Bd2 Qb7 23. Bc3 Rac8 24. Qe3 Nd7 25. Be4 Bxe4 26. Nxe4 f5 1/2-1/2